00394nam a2200157Ia 4500008004100000041001200041082002000053100001900073245003100092520001300123546001200136630003100148650001300179655001300192730003100205101110s9999 xx 000 0 und d aENGLISH bSR11730a651.41 aPatil, Chopade aBusiness Planning Part- II aCommerce aENGLISH aBusiness Planning Part- II aCommerce aCommerce aBusiness Planning Part- II